000
00331 a2200109 4500
001
ART_8332
005
20260410161844.0
008
260409a
245
1
0
_a
Más allá del sistema económico
100
1
_a
Prebisch, Raúl
773
0
_t
El trimestre económico
_g
- Vol. XXXVIII, Nº 150 (abr./jun. 1971)
_w
REV6933
999
_c
24335
_d
24335